Political violence and human security in the post-9.11 world / (Record no. 3166)
[ view plain ]
| 000 -LEADER | |
|---|---|
| fixed length control field | 01221nac a22002891u 4500 |
| 008 - FIXED-LENGTH DATA ELEMENTS--GENERAL INFORMATION | |
| fixed length control field | 131223s2006 ja a grb f100 0 eng d |
| 010 ## - LIBRARY OF CONGRESS CONTROL NUMBER | |
| LC control number | 2006375413 |
| 020 ## - INTERNATIONAL STANDARD BOOK NUMBER | |
| International Standard Book Number | 4901838091 |
| 043 ## - GEOGRAPHIC AREA CODE | |
| Geographic area code | n-us--- |
| 082 04 - DEWEY DECIMAL CLASSIFICATION NUMBER | |
| Classification number | 363.325170973 |
| Item number | POL |
| Edition number | 22 |
| 245 00 - TITLE STATEMENT | |
| Title | Political violence and human security in the post-9.11 world / |
| Statement of responsibility, etc | edited by Obiya Chika, Kuroki Hidemitsu. |
| 260 ## - PUBLICATION, DISTRIBUTION, ETC. (IMPRINT) | |
| Place of publication, distribution, etc | Osaka, Japan : |
| Name of publisher, distributor, etc | The Japan Center for Area Studies, National Museum of Ethnology, |
| Date of publication, distribution, etc | 2006 |
| Manufacturer | (Yubunsha Co., Ltd.) |
| 300 ## - PHYSICAL DESCRIPTION | |
| Extent | iv, 254 p. : |
| Other physical details | ill. ; |
| Dimensions | 26 cm. |
| 490 0# - Series Statement | |
| Series statement | JCAS symposium series ; |
| Volume/sequential designation | 24 |
| 490 0# - Series Statement | |
| Series statement | State, nation and ethnic relations ; |
| Volume/sequential designation | 9 |
| 500 ## - GENERAL NOTE | |
| General note | Includes appendix. |
| 504 ## - BIBLIOGRAPHY, ETC. NOTE | |
| Bibliography, etc | Includes bibliographical references. |
| 650 #0 - SUBJECT ADDED ENTRY--TOPICAL TERM | |
| Topical term or geographic name as entry element | Political violence |
| 9 (RLIN) | 34750 |
| Form subdivision | Congresses |
| 650 #0 - SUBJECT ADDED ENTRY--TOPICAL TERM | |
| Topical term or geographic name as entry element | War on Terrorism, 2001-2009 |
| 9 (RLIN) | 34751 |
| Form subdivision | Congresses |
| 650 #0 - SUBJECT ADDED ENTRY--TOPICAL TERM | |
| Topical term or geographic name as entry element | Security, International |
| 9 (RLIN) | 11851 |
| Form subdivision | Congresses. |
| 653 ## - INDEX TERM--UNCONTROLLED | |
| Resource For college | |
| Arrived date list | December2013 |
| 655 ## - INDEX TERM--GENRE/FORM | |
| Form subdivision | |
| -- | 34232 |
| 700 1# - ADDED ENTRY--PERSONAL NAME | |
| 9 (RLIN) | 34747 |
| Personal name | Chika ,Obiya, |
| Dates associated with a name | 1963- |
| Relator term | editor. |
| 700 1# - ADDED ENTRY--PERSONAL NAME | |
| 9 (RLIN) | 34748 |
| Personal name | Kuroki, Hidemitsu, |
| Dates associated with a name | 1961- |
| Relator term | editor. |
| 710 2# - ADDED ENTRY--CORPORATE NAME | |
| 9 (RLIN) | 34749 |
| Corporate name or jurisdiction name as entry element | Kokuritsu Minzokugaku Hakubutsukan. |
| Subordinate unit | Chiiki Kenkyū Kikaku Kōryū Sentā. |
| 942 ## - ADDED ENTRY ELEMENTS (KOHA) | |
| Item type | Book - Borrowing |
| Call number prefix | 363.325170973 POL |
| Source of classification or shelving scheme | Dewey Decimal Classification |
| Withdrawn status | Item status | Source of classification or shelving scheme | Damaged status | Not for loan | Vendor | Home library | Current library | Shelving location | Date acquired | Source of acquisition | Total Checkouts | Total Renewals | Full call number | Barcode | Date last seen | Date last borrowed | Koha item type |
|---|---|---|---|---|---|---|---|---|---|---|---|---|---|---|---|---|---|
| Dewey Decimal Classification | Central Library | Central Library | First floor | 25/03/2007 | 9 | 9 | 363.325170973 POL | 000030117 | 15/07/2025 | 02/11/2016 | Book - Borrowing |